Scummy mummies : a celebration of parenting failures, hilarious confessions, fish fingers and wine
| Main Author: | |
|---|---|
| Other Authors: | |
| Format: | Book |
| Published: |
London :
Quadrille Publishing Ltd. ,
2017
|
| Subjects: |
MARC
| LEADER | 00000cam a2200000 7i4500 | ||
|---|---|---|---|
| 001 | 0000215656 | ||
| 005 | 20180109.0 | ||
| 020 | |a 9781849499613 | ||
| 090 | 0 | 0 | |a 306.8743 |b GIB |
| 100 | 1 | |a Gibson, Ellie | |
| 245 | 1 | 0 | |a Scummy mummies : |b a celebration of parenting failures, hilarious confessions, fish fingers and wine |c Ellie Gibson & Helen Thorn |
| 260 | |a London : |b Quadrille Publishing Ltd. , |c 2017 | ||
| 300 | |a 160p. ; |c 20cm. | ||
| 650 | 0 | |a Motherhood | |
| 650 | 0 | |a Parenting | |
| 700 | 1 | |a Thorn, Helen | |
| 999 | |a 00340761 |b BUKU |c PINJAMAN |e PERPUSTAKAAN KOMUNITI PETALING JAYA | ||